000 00776cab a22001935a 4500
001 L143886
008 080605e20080530xxkao f 000 0 eng d
035 _a(Sirsi) u143886
041 0 _aeng
100 1 _aFarmer, Mark
245 0 0 _aBuilt to last
_bmarket watch 2008
260 _c2008
490 0 _aProperty Week
_v73(22) 30 May 2008, 86-87(2)
520 _aExplains how the UK residential development sector can survive the economic downturn. Provides a health checklist for the sector to recover. Argues that the future of the sector is dependent on its ability to cope with restrictions on lending, falling sales and debt legacy.
590 _aKA
651 4 _aUnited Kingdom
_y
690 _aPROPERTY-RESIDENTIAL PROPERTY-RESIDENTIAL PROPERTY MARKET
942 _n0
999 _c80300
_d80300